MDQL
is popping MORE tags! Check the
thread
!
Quizzes
Events
Quiz Creation
Community
Videos
Private Events
Remove Ads
Sign In
Join for FREE
Feedback
Dark Mode
Quiz Categories
Sports
Geography
Music
Movies
Television
Just For Fun
Miscellaneous
History
Literature
Language
Science
Gaming
Entertainment
Religion
Holiday
For Kids
Quiz Lab
Recent
Popular Today
Quiz Kudos Today
Editor Picks
Curator Picks
Quizzes by...
Day
Popularity
Type
Ratings
Length
Year
Community
Subscriptions
Recent Discussions
Orange Saloon
Badges
Playlists
Quests
Create
Leaderboards
Showdown
Live 5
Trivia Bingo
Activity
Puzzle Library
Sporcle Events
Private Events
Virtual Trivia
Globe League
Become a Host
Pub Owners
SporcleCon
Opinionation
Our Games
Videos
Blog
Mobile Apps
Partnerships
Remove Ads and Go Orange
Feedback
Music
Pop Music
The Beatles
Song
Album
Lyrics
Bands
Singers
Artist
Clip
Rock
Rap
Classical
Billboard
Country Music
Kpop
Taylor Swift
Music
Pop Music
The Beatles
Song
Album
Lyrics
Bands
Singers
Artist
Clip
Rock
Rap
Classical
Billboard
Country Music
Kpop
Taylor Swift
Random Quiz
Search Sporcle
×
Quiz Lab
Quiz Lab
Music
Song
Select answers by clicking on text or image buttons
Select answers by clicking on text or image buttons
Clickable
Best Score? Go Orange.
80's Dance Party Stats
Can you name the 1980's artists who performed these Dance Party classics?
By
rockgolf
15m
100 Questions
1,821 Plays
1,821 Plays
1,821 Plays
Comments
Comments
Give Quiz Kudos
Give Quiz Kudos
-
- Ratings
hide this ad
Forced Order
Answers have to be entered in order
Answers have to be entered in order
Replay
Link that replays current quiz
Next Quiz
Link to next quiz in quiz playlist
You Got
0%
They Got
Avg Score
51%
Avg Friend Score
Upgrade to see
Score Distribution
Jump to the score distribution portion of the page
Score
0/100
Timer
15:00
0
Plays Today
% Correct
M
90.4%
Queen
89.1%
Billy Joel
87.7%
Joan Jett & the Blackhearts
83.3%
Bon Jovi
83.3%
Survivor
79.4%
Rick Astley
77.5%
Dire Straits
76.6%
Kenny Loggins
76.5%
Pat Benatar
76.3%
Madonna
75.3%
Bruce Springsteen
75.1%
Peter Gabriel
74.7%
The B-52's
73.7%
ZZ Top
73.5%
Michael Jackson
73.1%
Frankie Goes To Hollywood
72%
Prince & The Revolution
70.3%
Duran Duran
70.1%
Men Without Hats
69.7%
Billy Ocean
68.1%
Kool & the Gang
67.9%
Philip Bailey & Phil Collins
67.7%
Blondie
67.5%
Cyndi Lauper
67%
The Police
65.6%
Huey Lewis & The News
64.9%
The Weather Girls
64.7%
The Pretenders
64.2%
A-Ha
64.1%
Men At Work
63.7%
Human League
63.6%
Journey
63.3%
Fine Young Cannibals
63.1%
% Correct
Big Country
62%
AC/DC
61.8%
Lipps Inc. or Pseudo Echo
60.1%
The Bangles
60.1%
Eddy Grant
60%
Thompson Twins
59.9%
The Go-Go's
59.8%
InXS
59.4%
The Cult
58.6%
Whitney Houston
57.9%
R.E.M.
57%
David Bowie
55%
Tone Loc
53.2%
Wang Chung
52.3%
Culture Club
52%
Aretha Franklin
51.8%
Def Leppard
50.2%
The Vapors
49.9%
Run-DMC
49.8%
Diana Ross
49.6%
Chaka Khan
49.3%
ABC
48.7%
Eurythmics
48.5%
Daryl Hall & John Oates
48.1%
Miami Sound Machine
46.1%
Deniece Williams
45.9%
The Cure
45.6%
Whitesnake
45.6%
Falco/After The Fire
45.6%
Violent Femmes
45.3%
Wham!
43%
The Romantics
42.2%
Murray Head
42.1%
Pet Shop Boys
42%
% Correct
The Clash
42%
Billy Idol
41.4%
U2
40.2%
Robert Palmer or Cherrelle
39.8%
Stray Cats
39.6%
New Order
38.6%
Power Station
36.2%
Erasure
35.8%
Greg Kihn Band
35.2%
Naked Eyes
34.8%
The Smiths
33.9%
Depeche Mode
31.8%
Alphaville
31.7%
Shannon
30.4%
M/A/R/R/S
28.9%
Paul Hardcastle
28.1%
Level 42
28.1%
Club Nouveau
28%
Ready For The World
27.9%
The Fixx
27.3%
Tom Tom Club
27%
Sheila E.
26.6%
Public Enemy
25.1%
Tears For Fears
24.9%
Bronski Beat
24.6%
Yazoo
24.1%
Psychedelic Furs
23.6%
Rick James
23.1%
Yello
22.9%
Love & Rockets
21.9%
Soft Cell
21.4%
Icicle Works
14.6%
Quiz Playlist
Details
Report
Send in Message
Add To Playlist
Clickable:
Select answers by clicking on text or image buttons
Forced Order:
Answers have to be entered in order
Last Updated: Jul 1, 2023
Quiz Scoreboard
CHALLENGE
Sign Up to Join the Scoreboard
Show All
Scores
Hide
Comments
May contain spoilers
Recently Published
Two Season TV Shows II
by 123Four
Television
10m
Image Sorting: Flags VI
by Barbecue
Geography
2m
Find the 'City' Movie
by crazypaving
Movies
60s
More to Explore
Quiz From the Vault
Featured Blog Post
14 Easter Pick-up Lines to Find Eggs With
hide this ad
You Might Also Like...
Tags
Artist Quiz
Song Quiz
1980
classic
dance
Dance Party
Party
Performed
Today's Top Quizzes in Music
Browse Music
hide this ad
Today's Top Quizzes in Song
Browse Song
Top Contributed Quizzes in Music
1
5X2 Blitz: Bands II
2
5X2 Blitz: The Beatles
3
Taylor Swift All Songs (2024)
4
5X2 Blitz: Billboard
5
5X2 Blitz: Billboard II
6
5X2 Blitz: Album
7
5X2 Blitz: Singers
8
5X2 Blitz: Rock
9
Music Artist by Three 2010s hits
10
5X2 Blitz: Lyrics
Explore More
Trending Topics
Kpop
Anime
Marvel
NBA
Crossword
Disney
Harry Potter
The Office
Country
Song
NFL
WWE
Soccer
Pokémon
Puzzle
hide this ad
More By:
rockgolf
Quiz
Plays
Rating
Category
Featured
Created
The Beatles or Rebecca Black?
1,630,208
3.11
Music
May 3, 2011
Harry Potter Safe Cracker
996,481
4.43
Literature
Dec 3, 2010
Progressively Tougher World Capitals
989,663
4.60
Geography
Feb 28, 2010
Big 4 Sports Logos by Letter
902,417
4.10
Sports
Jan 23, 2010
Figure Out the Lyrics III
534,497
4.36
Music
Dec 14, 2009
Go to Creator's Profile
Score Distribution
Quiz Creator Spotlight
rockgolf
Follow
Send a Message
Quizzes Created
-
Created Quiz Play Count
-
More By This Creator
Popular Quizzes Today
1
Find the US States - No Outlines Minefield
2
Colored Red Africa Blitz
3
Find the 'City' Movie
4
5x2 Blitz: Bands
5
The Countries of the World
6
Find the Countries of Europe - No Outlines Minefield
7
Find the US States
8
US States
More Music Quizzes
sugar - brockhampton // pt. 1
Quiz Lab
Trending Quizzes
Colored Red Europe Blitz I
Colored Red Africa Blitz II
Colored Red Europe Blitz II
Colored Red Europe Blitz III
Colored Red Africa Blitz III
Recently Updated
How Do You Spell That?
pecheneg
Godzilla Movies
pecheneg
Grab Bag: 4-10 Letters
pecheneg
2024 March Madness Bracket
pecheneg
Famous TV Couples
Peacemaker
Champions League XIs: Real Madrid
pecheneg
Largest US Cities 1790-2010
pecheneg
Rides in Walt Disney World
pecheneg
Most Oscar Losses (Acting)
pecheneg
Beyoncé Albums
pecheneg
Trending Topics
Anime
Marvel
Disney
Harry Potter
Kpop
NBA
Crossword
Soccer
Country
NFL
The Office
Pokémon
WWE
Song
Puzzle
Your Account Isn't Verified!
In order to create a playlist on Sporcle, you need to verify the email address you used during registration. Go to your
Sporcle Settings
to finish the process.
Report this User
Report this user for behavior that violates our
Community Guidelines
.
Details:
Send Report
Go to the Sporcle.com Mobile Site →
Comments